00570 2200229 4500001002100000005001500021035002000036007000300056008004100059020002200100082001000122084001600132100001500148245003700163250001100200260004400211300003900255650001000294700001700304600001000321600000900331INLIS00000000000053420221115011555 a0010-1122000128ta221115 b 1 ind  a978-602-04-1241-2 a741.5 a741.5 SUK t0 aSukho Yoon1 aThe Starving Earth /cSukho Yoon aCet. I aJakarta :bElex Media Komputindo,c2017 a158 :bilustrasi berwarna ;c21 cm 4akomik0 aJaehwan Shin 4asains 4abumi